Preparation and sintering of complex shaped boron carbide ceramics

Saved in:
Bibliographic Details
Main Author: Vozárová, Mária (Author)
Other Authors: Janek, Marián (Thesis advisor)
Format: Manuscript Book
Language:Slovak
English
Published: 2023
Subjects:
Online Access:http://is.stuba.sk/zp/portal_zp.pl?podrobnosti=145787
Tags: Add Tag
No Tags, Be the first to tag this record!

MARC

LEADER 00000ntm a22000003a 4500
001 stuzp66213
003 SK-STU
005 20230909210345.7
007 ta
008 150427s2015----xo-----f-mn---000-0-slo-d
040 |a STU  |b slo 
041 0 |a eng 
100 1 |a Vozárová, Mária  |u 042110  |4 aut  |U FCHPT Ústav anorganickej chémie, technológie a materiálov  |T FCHPT Oddelenie anorganických materiálov  |X 42929  |U C2110  |Y 110  |7 42929 
242 0 1 |a Príprava a spekanie komplexne tvarovanej keramiky z karbidu bóru  |y slo 
245 1 0 |a Preparation and sintering of complex shaped boron carbide ceramics 
260 |c 2023 
650 4 |a Karbid bóru  |2 slo 
650 4 |a Aditívna výroba  |2 slo 
650 4 |a Beztlakové spekanie  |2 slo 
650 4 |a Nízko tlakové spekanie  |2 slo 
650 4 |a Spekacie prísady  |2 slo 
650 4 |a Low pressure sintering  |2 eng 
650 4 |a Additive manufacturing  |2 eng 
650 4 |a Boron carbide  |2 eng 
650 4 |a Pressureless sintering  |2 eng 
650 4 |a Sintering additives  |2 eng 
700 1 |a Janek, Marián  |u 042110  |k Z1  |4 ths  |U FCHPT Ústav anorganickej chémie, technológie a materiálov  |T FCHPT Oddelenie anorganických materiálov  |X 67435  |U C2110  |Y 110  |7 A000067435 
856 4 |u http://is.stuba.sk/zp/portal_zp.pl?podrobnosti=145787